000 00517nam a2200205Ia 4500
003 OSt
005 20230607120745.0
008 210423s1961 xx 000 0 und d
040 _cAL
041 _aeng
082 _a340
_223
_bGOVK
245 _aKarnataka land reforms act 1961
260 _aKarnataka
_bGovernment Of Karnataka
_c1961
300 _bPB
365 _cINR
650 _aLaw
_9121385
650 _aSocial Sciences
_9121386
906 _a1961 ; act ; Karnataka ; land ; reforms
942 _2ddc
_cBK
999 _c175036
_d175036